United Kingdom Wars Quiz - Statistics

General Stats
  • This quiz has been taken 324 times
  • The average score is 25 of 104
Answer Stats
Date War % Correct
1914-1918 World War I
93%
1939-1945 World War II
92%
2003-2011 Iraq War
63%
1950–1953 Korean War
58%
1812–1815 War of 1812
56%
1982 Falklands War
55%
2001-2014 War in Afghanistan
55%
1815 Hundred Days
52%
1853–1856 Crimean War
51%
1807–1814 Peninsular War
51%
1806–1807 War of the Fourth Coalition
51%
1813-1814 War of the Sixth Coalition
51%
1803–1806 War of the Third Coalition
51%
1991 Gulf War
50%
1809 War of the Fifth Coalition
50%
1775–1783 American Revolutionary War
49%
1807–1812 Anglo-Russian War
49%
1756–1763 Seven Years' War
42%
1945-1946 War in Vietnam
38%
1899–1902 Second Boer War
36%
1879 Anglo-Zulu War
35%
1880–1881 First Boer War
35%
1839–1842 First Opium War
33%
1701–1714 War of the Spanish Succession
32%
1917–1922 Russian Civil War
31%
1839–1842 First Anglo-Afghan War
30%
1878–1880 Second Anglo-Afghan War
29%
1919 Third Anglo-Afghan War
29%
1740–1748 War of the Austrian Succession
29%
1968–1998 The Troubles
27%
1792-1797 War of the First Coalition
27%
1798-1802 War of the Second Coalition
27%
2011 Libyan Civil War
26%
1956–1957 Suez Crisis
26%
1899–1901 Boxer Rebellion
25%
2014-present War on ISIL
25%
1857–1858 Indian Mutiny
24%
1919-1921 Irish War of Independence
24%
1998-1999 Kosovo War
24%
1856–1860 Second Opium War
24%
1780–1784 Fourth Anglo-Dutch War
23%
1948-1960 Malayan Emergency
23%
1992-1995 Bosnian War
22%
1952-1960 Mau Mau Uprising
22%
1885 Third Anglo-Burmese War
22%
1824-1826 First Anglo-Burmese War
21%
1944–1948 Greek Civil War
21%
1852–1853 Second Anglo-Burmese War
21%
1775-1782 First Anglo-Maratha War
19%
1700–1721 Great Northern War
19%
1803–1805 Second Anglo-Maratha War
19%
1817–1818 Third Anglo-Maratha War
19%
1778–1783 Anglo-French War
18%
1896 Anglo-Zanzibar War
18%
1845–1846 First Anglo-Sikh War
18%
1958–1961 First Cod War
18%
1848–1849 Second Anglo-Sikh War
18%
1972-1973 Second Cod War
18%
2000-2002 Sierra Leone Civil War
18%
1975-1976 Third Cod War
18%
1766-1769 First Anglo-Mysore War
17%
1798–1799 Fourth Anglo-Mysore War
17%
1780–1784 Second Anglo-Mysore War
17%
1790–1792 Third Anglo-Mysore War
17%
1919-1922 Turkish War of Independence
17%
1955–1959 Cyprus Emergency
16%
1856–1857 Anglo-Persian War
14%
1807–1809 Anglo-Turkish War
14%
1717–1720 War of the Quadruple Alliance
14%
1963–1967 Aden Emergency
13%
1850–1853 Eighth Xhosa War
13%
1818–1819 Fifth Xhosa War
13%
1811–1812 Fourth Xhosa War
13%
1945-1949 Indonesian National Revolution
13%
1798 Irish Rebellion of 1798
13%
1877–1879 Ninth Xhosa War
13%
1846–1847 Seventh Xhosa War
13%
1834–1836 Sixth Xhosa War
13%
1807–1814 Gunboat War
12%
1845-1872 New Zealand Wars
12%
1881–1899 Mahdist War
11%
1810-1820 Punjab War
11%
1850-1864 Taiping Rebellion
11%
1744-1763 Carnatic Wars
10%
1821-1829 Greek War of Independence
10%
1796–1818 Kandyan Wars
9%
1936-1939 1936-1939 Arab Revolt in Palestine
8%
1920 Great Iraqi Revolution
8%
1901–1902 Anglo-Aro War
7%
1864-1865 Bhutan War
7%
1863–1864 Second Ashanti War
7%
1963-1976 Dhofar Rebellion
6%
1920 Somaliland Campaign
6%
1831-1832 Baptist War
5%
1963-1966 Indonesia–Malaysia Confrontation
5%
1879-1882 ‘Urabi revolt
5%
1954-1959 Jebel Akhdar War
3%
1839–1841 Second Egyptian–Ottoman War
3%
1760 Tacky's War
3%
1927-1930 Ikhwan Revolt
2%
1763-1766 Pontiac's War
2%
1923 Adwan Rebellion
1%
1856–1857 Filibuster War
1%
1795–1816 Hawkesbury and Nepean Wars
1%
No matching quizzes found
Score Distribution
Percent of People with Each Score
Percentile by Number Answered
Your Score History
You have not taken this quiz